000
00316nam a2200133Ia 4500
008
191201s2015 xx 000 0 und d
100
_a
PANDEY,I M
245
0
_a
Financial Management
250
_a
11th
260
_c
2015
_b
Vikas Publication House
_a
New Delhi
300
_a
921
650
_a
MBA
942
_2
ddc
_c
BB
_0
35
999
_c
7646
_d
7646